Arctic Monkeys Lyrics - Big Ideas - Statistics

General Stats
  • This quiz has been taken 35 times
  • The average score is 120 of 167
Answer Stats
Lyrics % Correct
big
100%
I
100%
ideas,
100%
the
100%
The
100%
band
92%
you
92%
a
88%
excited
88%
so
88%
had
84%
Over
84%
over
84%
phone
84%
We
84%
all
80%
and
80%
And
80%
go
80%
kind
80%
me
80%
of
80%
share
80%
were
80%
for
76%
got
76%
how
76%
life
76%
not
76%
rather
76%
remember
76%
surrounded
76%
us
76%
you'd
76%
Can
72%
now,
72%
cannot
68%
number
68%
quite
68%
that's
68%
they
68%
to
68%
what
68%
ballad
64%
been
64%
could've
64%
It's
64%
it's
64%
orchestra's
64%
sing
64%
Well,
64%
But
60%
out
60%
their
60%
co-direct
56%
them
56%
thrill
56%
can't
52%
feet
52%
getting
52%
just
52%
play
52%
arms
48%
in
48%
lowered
48%
seats
48%
stompin'
48%
Wavin'
48%
adapt
44%
main
44%
hysterical
40%
I've
40%
Nationwide
40%
Spotlit,
40%
theme
40%
twins
40%
conjured
36%
Coordinated
36%
festivities
36%
Really,
36%
Some
36%
up
36%
release
32%
things
32%
wonderful
32%
mandolins?
24%
scenes
20%
No matching quizzes found
Score Distribution
Percent of People with Each Score
Percentile by Number Answered
Your Score History
You have not taken this quiz